| 000 | 00847nam a2200217 a 4500 | ||
|---|---|---|---|
| 003 | 0 | ||
| 005 | 20250505145449.0 | ||
| 008 | 021127s19uu xx 00 eng d | ||
| 050 |
_aPGS HQ 777.4 _b.M354 2002 |
||
| 100 | _aMaronilla, Efraim E. | ||
| 245 |
_aProblem with absentee parent of students whose parents are separated / _cEfraim E. Maronilla. |
||
| 260 |
_aLas PiƱas City, Philippines : _bSouthville International School and Colleges, _c2002. |
||
| 300 |
_a29 pages : _billustrations ; _c28 cm. |
||
| 504 | _aIncludes bibliographical references. | ||
| 650 |
_aChildren of divorced parents _vPsychology. |
||
| 650 |
_aParental absence _vSocial aspects. |
||
| 650 |
_aStudents _vFamily relationships. |
||
| 650 |
_aSingle-parent families _vPsychological aspects. |
||
| 650 |
_aChildren _vEffect of family problems on. |
||
| 942 |
_2lcc _cPASS |
||
| 999 |
_c96638 _d96638 |
||